Evropská unie v kostce

Salvato in:
Dettagli Bibliografici
Natura: Libro
Lingua:ceco
Pubblicazione: Praha Nakladatelství Jan Vašut s. r. o. 2008
Soggetti:
Tags: Aggiungi Tag
Nessun Tag, puoi essere il primo ad aggiungerne!!

MARC

LEADER 00000nam$a2200000$$$4500
001 0098632
005 20240313134416.4
020 |a 978-80-7236-665-1 
041 0 |a cze 
044 |a CZ 
245 1 0 |a Evropská unie v kostce 
264 1 |a Praha  |b Nakladatelství Jan Vašut s. r. o.  |c 2008 
300 |a 438 s. 
610 2 0 |a integrácia ekonomická medzinárodná 
610 2 0 |a spolupráca medzinárodná 
610 2 0 |a organizácie medzinárodné 
610 2 0 |a krajiny vyspelé 
610 2 0 |a krajiny tranzitívne 
610 2 0 |a kultúra 
610 2 0 |a história 
610 2 0 |a vývoj hospodársky 
610 2 0 |a pamiatky 
610 2 0 |a Európska únia